000 00785nam a2200253Ii 4500
003 JO-AjNU
005 20260429100726.0
008 230605s9999||||xx |||||||||||||| ||und||
017 _a2009/6/2961
020 _a978-9957-32-465-0
040 _aJO-AjNU
_bara
_erda
_cJO-AjNU
041 _aara
050 1 4 _aHD57.7.2010
100 3 _aالحميري،باسم,
_eauthor
_931656
245 0 0 _aمخرج بموجب/ مستند اخراجات رقم 72
250 _aط1
264 3 1 _aعمان:دار الحامد للنشر والتوزيع،2010
300 _a229ص
336 _atext
_btxt
_2rdacontent
337 _aunmediated
_bn
_2rdamedia
338 _avolume
_bnc
_2rdacarrier
650 4 _aالمهارات الادارية-ادارة الاعمال
_931657
942 _2lcc
_cBK
999 _c16253
_d16253